000 01087cam a22003377a 4500
003 CHAP
005 20220329143016.0
008 050728d2003 mx ad r 00110 spa d
010 _a90608
011 _a91580
020 _a9702404096
035 _a102139
040 _cCHAP
082 0 4 _a338.642
_bS3 2003
100 0 0 _aSalazar Leytte, Jorge.
_9101392
245 1 0 _aCómo iniciar una pequeña empresa:
_bsu viabilidad de mercado
_c/por Jorge Salazar Leytte
250 _a3 ed.
260 _aMéxico, D. F. :
_bCECSA,
_c2003
300 _a181 p. :
_bilus. ; gráfs. ; cuadros ; diagramas
590 _aBATCH-UPD
_b10
_c20130110
_lUCH01
_h1823
590 _aBATCH-UPD
_b10
_c20130410
_lUCH01
_h1157
590 _aBATCH-UPD
_b10
_c20130914
_lUCH01
_h1302
590 _aCONVERSION
_b10
_c20130109
_lUCH01
_h1350
650 1 4 _aEmpresas pequeñas.
_936658
650 1 4 _aEmpresas.
_936635
650 1 4 _aMercados.
_974925
901 _aBK
905 _aMarco A. Mendoza T.
942 _cLIBRO
949 _a338.642 S3 2003
_bBC
_cLIBRO
_d33724000952446
_eLIBRO
_gI.c/e
_h106296
_i102139
_si
_t$110.00
999 _c90608
_d90608